000 00400nam a22001097a 4500
005 20240926183025.0
008 240926b |||||||| |||| 00| 0 eng d
245 _aPagmamalaki natin... :
_bkasuotang Pilipino /
_cRommel R. Quinsay.
260 _aPhilippines:
_bPublishers Association of the Philippines, Inc.,
_cSeptember 2018.
300 _aVolume 66, pages 154-155,
_billustration.
942 _2ddc
_cPER
999 _c21906
_d21906